000 02893nkm a2200349za 4500
001 84431
003 OSt
005 20260420151009.0
007 kh boc
008 250408s19001903sp ||||| |||| 00| i|spa d
040 _cM-RABA
_aM-RABA
_bspa
245 0 _a[Iglesia de San Cebrián de Mazote, Valladolid]
_h[Material gráfico]
260 _c[ca. 1900-1903]
300 _a6 fotografías
_b: gelatina
_c; imagen 12,5 x 17 cm
_c; soporte secundario 21 x 26 cm
500 _aConjunto de fotografías dedicadas a la Iglesia de San Cebrián de Mazote, en Valladolid, vista desde diferentes lados y detalles.
500 _aLas fotografías están montadas sobre soporte secundario de cartón con marco decorativo grabado en dorado y anotaciones manuscritas a tinta. En la parte superior de todas "Iglesia de San Cebrián de Mazote (Valladolid)"; en la parte inferior la parte que representa.
504 _aLampérez, V.: “La iglesia de San Cebrián de Mazote”, en B.S.E.E., t. X, 1902, p. 185; Lampérez: Idem, en Boletín de la Academia de la Historia, T. LXVIII, p. 211-34, 1916.
505 _aFot-557. "Vista por el lado de Mediodía" -- Fot-558. "Nave central" -- Fot-559. "Detalle de los arcos de las naves" -- Fot-560. "Detalle del crucero" -- Fot-561. "Vista del testero" -- Fot-562. "Vista por el lado Norte"
510 _aLas mismas fotografías publicadas en: Agapito y Revilla, J.: La iglesia de San Cebrián de Mazote (Valladolid): notas histórico-arqueológicas, Palencia, 1903.
544 _aInforme de la Comisión Provincial de Monumentos de Valladolid para que sea declarada Monumento Nacional, (1904): Archivo: 45-2/4 . – Seguramente donadas por Juan Agapito y Revilla.
610 2 7 _aIglesia de San Cebrián de Mazote (
_cValladolid, España)
_927230
651 7 _aValladolid
_2embne
_975623
655 0 _aFotografías de monumentos
_9111580
852 _jFot-557
856 _3Fot-557
_uhttps://archivoybiblioteca.realacademiabellasartessanfernando.com/cgi-bin/koha/opac-retrieve-file.pl?id=1c51554eae97f9fdcd16acd45fbb2b11
856 _3Fot-558
_uhttps://archivoybiblioteca.realacademiabellasartessanfernando.com/cgi-bin/koha/opac-retrieve-file.pl?id=3fb3da19aad2b100da2ce8a8df76137d
856 _3Fot-559
_uhttps://archivoybiblioteca.realacademiabellasartessanfernando.com/cgi-bin/koha/opac-retrieve-file.pl?id=1ce18e696df4086dd41bd9e93ae57a33
856 _3Fot-560
_uhttps://archivoybiblioteca.realacademiabellasartessanfernando.com/cgi-bin/koha/opac-retrieve-file.pl?id=8c352de4c892a362e5c3509f0ccf9572
856 _3Fot-561
_uhttps://archivoybiblioteca.realacademiabellasartessanfernando.com/cgi-bin/koha/opac-retrieve-file.pl?id=82442ddd2a524f66d2a8fdea1fcc4ff6
856 _3Fot-562
_uhttps://archivoybiblioteca.realacademiabellasartessanfernando.com/cgi-bin/koha/opac-retrieve-file.pl?id=188d394d720f1c1801ffd4ac9b98f76a
942 _2ddc
_cFOTOGRAFÍA
_n0
999 _c84431
_d84431